00631naa a2200169 i 45000010005000000030009000050050017000140080039000310400034000701000035001042450169001397000030003087000030003387730065003689420013004339990015004469779KOSZ 00520191005132442.0151212s2010 pl n f |000 0pol cBPKdKOSZ 005/EGdKOSZ 005/HR1 aBach-Dąbrowska, IrenaeAutor10aKnowledge based and CP-driven approach applied to multi product small-size production flow /cIrena Bach, Grzegorz Bocewicz, Zbigniew Banaszak, Wojciek Muszyński.1 aBocewicz, GrzegorzeAutor1 aBanaszak, ZbignieweAutor0 iW :tControl and Cybernetics. -g2010, T. 39, nr 1, s. 69-95 cART2UKD c9779d9779